000 00300nam a22001337a 4500
008 181022b xxu||||| |||| 00| 0 eng d
020 _a9780534199500
041 _aeng
080 _28th
_a574
100 _a9
101 _aMJE
245 _aLiving in the Environment
_cMiller, G.T
942 _2udc
_cBK
999 _c50534
_d50534